000 00566nam a2200241 a 4500
003 AR-BaBNM
005 20251128210812.0
008 082120s2002 ||||||||||||||000 | spa||
020 _a950-9779-35-0
040 _cAR-BaBNM
100 1 _aFresán, Rodrigo
245 0 0 _aEsperanto
250 _a2ª ed.
260 _aBarcelona
_bTusquets Editores
_c1996
300 _a269 p.
490 0 _aAndanzas
650 4 _aLITERATURA ARGENTINA
650 4 _aLITERATURA CONTEMPORANEA
650 4 _aNOVELAS
655 _aLITERATURA
942 _cBK
998 _cMARTIN
999 _c16982
_d16982